01371naa a22003257a 4500001001000000003000900010005001700019007000300036008003400039040005400073041000900127072002500136090001800161100001900179100002200198245016900220260003700389500016300426650002000589650001300609650000800622650001500630650001200645650001000657773016000667909003600827942001400863999001900877952014900896BR7908184BR-BrBNA20240918174526.0ta230509b bl.||||| |||| 00| 0 por d aBR-BrBNAbporcBiblioteca Nacional de Agricultura a(Pt) aF00; F25b0170bG514 aF00 BR79081841 aCarmo, C.M. do1 aPinto, C.A. de S.1 aDeterminacao da epoca de aplicacao de adubos em sorgo granifero, Sorghum bicolor (L.)Moench, em dois (02)municipios do Estado do Ceara [Pentecoste, Quixada, Brasil]3 aFortaleza, CE (Brasil): c1979.  aConvenio BNB/FCPC/UFC/EPACE. Programa de pesquisa com a cultura do sorgo. Relatorio de pesquisa 1979 Fortaleza, CE (Brasil): 1979. p. 69-77 (BR7908184-AM)F00  aSORGO GRANIFERO aADUBACAO aNPK aPENTECOSTE aQUIXADA aCEARA0 tConvenio BNB/FCPC/UFC/EPACE. Programa de pesquisa com a cultura do sorgo. Relatorio de pesquisa 1979wF00 BR7908184gFortaleza, CE (Brasil), 1979. p. 69-77 a202404bLuciac55dLucia Elande cAM2AGRIS c311772d311772 002AGRIS40708Acervo Gerala41918b41918cAgrobasel0o0170 BR7908175r2024-05-20t01yAM10d2024-04-11ePortaria Interministerial nÂș 164/94